Science Fiction Films (Movies) from Plot Summaries - Statistics

General Stats
  • This quiz has been taken 484 times
  • The average score is 6 of 15
Answer Stats
Hint Date Answer % Correct
Paramilitaries sent to rescue some hostages encounter a camouflaged alien in a forest. 1987 Predator
85%
A policeman takes revenge in the post-apocalyptic Australian outback. 1979 Mad Max
69%
Researchers on an Antarctic station discover a shape-changing creature is amongst them. 1982 The Thing
67%
A detective is in trouble when psychics determine he's one of the future murderers that needs arresting. 2002 Minority Report
55%
Alien refugees with mysterious technology are forced to live in a South African internment camp. 2009 District 9
54%
A robot cowboy runs amock in a western-style amusement park. 1973 Westworld
49%
The president has to be rescued from Manhattan Island (now a maximum security prison). 1981 Escape From New York
47%
A linguist learns to communicate with seven-limbed aliens that have landed their spaceships on Earth. 2016 Arrival
45%
A visitor and his robot land in their flying saucer and try to warn Earthlings to be peaceful. 1951 The Day The Earth Stood Still
36%
A man conceals his genetic identity to escape his job as a cleaner and become an astronaut. 1997 Gattaca
35%
An astronaut mining moon gas is looking forward to the end of his three-year contract. 2009 Moon
32%
Scientists on a space station lose the plot, and a psychologist sent to help them meets his dead wife. 1972 Solaris
22%
A block of flats in South London is invaded by predatory alien creatures. 2011 Attack The Block
21%
The captain of a rogue freighter space ship battles against the Alliance that rules the galaxy (and swears in Chinese). 2005 Serenity
19%
Computer game players attach to organic game pods by bioports in their spines. 1999 Existenz
9%
No matching quizzes found
Score Distribution
Percent of People with Each Score
Percentile by Number Answered
Your Score History
You have not taken this quiz